[Event "Mondiale Lampo FIDE 2022"]
[Site "Alma Ata"]
[Date "30.12.2022"]
[Round "21.47"]
[White "Agmanov, Zhandos"]
[Black "Lintchevski, Daniil"]
[Result "1/2-1/2"]
[WhiteTitle ""]
[BlackTitle ""]
[WhiteElo "2442"]
[BlackElo "2548"]
[WhiteFideId "13708309"]
[BlackFideId "4171055"]
[EventDate "29.12.2022"]

1. d4 d5 2. c4 dxc4 3. Nf3 Nf6 4. e3 e6 5. Bxc4 c5 6. O-O a6 7. dxc5 Bxc5 8.
Qxd8+ Kxd8 9. Be2 Ke7 10. Nfd2 Nbd7 11. Nc3 b5 12. a4 bxa4 13. Nxa4 Bb4 14. Nb3
Bb7 15. Rd1 Rhb8 16. Nd4 Ne4 17. f3 Nec5 18. Nc3 a5 19. e4 Rc8 20. Bf4 Ba6 21.
Ndb5 Nb3 22. Rab1 Nb6 23. Bd6+ Bxd6 24. Rxd6 Rab8 25. Rbd1 g5 26. Na7 Bxe2 27.
Nxe2 Nc4 28. Rd7+ Ke8 29. Nxc8 Rxc8 30. Ra7 Ne5 31. Nc3 Kf8 32. Rd6 Nc5 33. Rd1
Nb3 34. h3 h5 35. Kf2 h4 36. Rb7 Nc5 37. Rb5 Ncd3+ 38. Kg1 a4 39. Ra1 Nxb2 40.
Rxb2 Rxc3 41. Rxa4 Kg7 42. Ra1 Ng6 43. Rab1 Nf4 44. Rd2 Kf6 45. Rbd1 Ra3 46. Kf2
Rb3 47. Rc2 Nd3+ 48. Kg1 Nf4 49. Kh2 Ra3 50. Rb1 Re3 51. Ra1 Rb3 52. Rd2 Rc3 53.
Rad1 Rb3 54. Rd7 Ng6 55. Ra7 Rb2 56. Rdd7 Ne5 57. Rdb7 Nxf3+ 58. Kh1 Rxb7 59.
Rxb7 Nd2 60. Rb4 Ke5 61. Rb5+ Kf6 62. Rb4 Ke5 63. Rb5+ Kf4 64. e5 Kf5 65. Rb7
Kg6 66. Rb4 Kf5 67. Rb7 Kg6 68. Rc7 Nf1 69. Kg1 Ng3 70. Kf2 Nh5 71. Kf3 Nf4 72.
Ra7 Nd3 73. Ke4 Nf4 74. Ra2 Nh5 75. Rf2 Ng3+ 76. Kd4 Nh5 77. Ke3 Kg7 78. Kf3 Kg6
79. Kg4 Nf4 80. g3 hxg3 81. Kxg3 Nd3 82. Rf6+ Kg7 83. Kg4 Nxe5+ 84. Kxg5 Nd7 85.
Rf1 f6+ 86. Kg4 Kg6 87. Kf4 e5+ 88. Kg4 e4 89. Kf4 f5 90. Rg1+ Kf6 91. Rg5 e3
92. Rxf5+ Ke6 93. Rb5 e2 94. Rb1 Ne5 95. Ke3 Kf5 96. Rg1 Ng6 97. Ra1 Nf4 98. h4
Ng2+ 99. Kxe2 Nxh4 100. Ra5+ Kf6 101. Ke3 Nf5+ 102. Kf4 Nd6 103. Re5 Nf7 104.
Rd5 Ke6 105. Rd1 Kf6 106. Re1 Nd6 107. Rh1 Nf7 108. Rh2 Ke6 109. Ra2 Nd6 110.
Ra5 Kf6 111. Kf3 Ke6 112. Rh5 Kf6 113. Ke3 Nf5+ 114. Kf4 Nd6 115. Rh6+ Ke7 116.
Rg6 Kd7 117. Ke5 Nb5 118. Rh6 Nc7 119. Rd6+ Ke7 120. Rd4 Ne6 121. Rc4 Kd7 122.
Rc2 Nc7 123. Rc1 Ne6 124. Rd1+ Ke7 125. Rd6 Nc7 126. Rg6 Kd7 127. Rh6 Nb5 128.
Rg6 Nc7 129. Rb6 Ke7 130. Rd6 Ne8 131. Rh6 Kd7 132. Rh7+ Kc6 133. Kd4 Nc7 134.
Rh6+ Kd7 135. Ke5 Nb5 136. Rh7+ Kc6 137. Ke4 Nd6+ 138. Kd4 Nb5+ 139. Ke5 Nc7
140. Rh1 Kd7 141. Rc1 Ne6 142. Rd1+ Ke7 143. Rc1 Kd7 144. Kf6 Nc7 145. Rd1+ Kc6
146. Ke7 Nd5+ 147. Ke6 Nc7+ 148. Ke5 Nb5 149. Rc1+ Kd7 150. Rc5 Nc7 151. Rc6 1/2-1/2

[Event "Mondiale Lampo FIDE 2022"]
[Site "Alma Ata"]
[Date "30.12.2022"]
[Round "21.48"]
[White "Jobava, Baadur"]
[Black "Urazayev, Arystanbek"]
[Result "1-0"]
[WhiteTitle ""]
[BlackTitle ""]
[WhiteElo "2578"]
[BlackElo "2465"]
[WhiteFideId "13601520"]
[BlackFideId "13709810"]
[EventDate "29.12.2022"]

1. b3 d5 2. Bb2 Nf6 3. d3 e6 4. Nd2 Be7 5. e4 O-O 6. g3 c5 7. Bg2 Nc6 8. Ne2 b5
9. O-O Bb7 10. a4 a6 11. Re1 Rc8 12. axb5 axb5 13. Nf4 d4 14. e5 Nd7 15. Nf3 Qc7
16. Qe2 Nb4 17. h4 Ra8 18. Ba3 Nd5 19. Qd2 Nxf4 20. Qxf4 Nb6 21. Qg4 Kh8 22. Bb2
Nd5 23. Ng5 h6 24. Rxa8 Bxa8 25. Nxf7+ Rxf7 26. Qxe6 Bxh4 27. Qe8+ Kh7 28. Qxa8
Bxg3 29. fxg3 Ne3 30. Qe4+ g6 31. Rxe3 dxe3 32. Qxe3 c4 33. bxc4 bxc4 34. e6 Re7
35. Qd4 1-0

[Event "Mondiale Lampo FIDE 2022"]
[Site "Alma Ata"]
[Date "30.12.2022"]
[Round "21.50"]
[White "Fedorov, Alexei"]
[Black "Sindarov, Javokhir"]
[Result "1-0"]
[WhiteTitle ""]
[BlackTitle ""]
[WhiteElo "2475"]
[BlackElo "2654"]
[WhiteFideId "13500465"]
[BlackFideId "14205483"]
[EventDate "29.12.2022"]

1. e4 c5 2. d3 g6 3. g3 Bg7 4. Bg2 Nc6 5. f4 d6 6. Nf3 Nf6 7. O-O O-O 8. Nc3 Rb8
9. h3 b5 10. g4 b4 11. Ne2 Ba6 12. Ng3 c4 13. Re1 cxd3 14. cxd3 Bb5 15. g5 Nd7
16. d4 a5 17. Be3 a4 18. f5 Na5 19. b3 Rc8 20. Bd2 Nc6 21. Be3 Na5 22. Bd2 Qb6
23. Bxb4 Ba6 24. Qd2 Nc6 25. Bc3 Nde5 26. f6 exf6 27. Kh2 Nxf3+ 28. Bxf3 fxg5
29. e5 dxe5 30. dxe5 Bb7 31. Bg2 axb3 32. axb3 Rfd8 33. Qxg5 Nd4 34. Ba5 Rc2 35.
Ne2 Bxg2 36. Bxb6 Nf3+ 37. Kxg2 Nxg5 38. Bxd8 Ne6 39. Bf6 1-0

[Event "Mondiale Lampo FIDE 2022"]
[Site "Alma Ata"]
[Date "30.12.2022"]
[Round "21.51"]
[White "Van Foreest, Jorden"]
[Black "Najer, Evgeniy"]
[Result "1-0"]
[WhiteTitle ""]
[BlackTitle ""]
[WhiteElo "2690"]
[BlackElo "2662"]
[WhiteFideId "1039784"]
[BlackFideId "4118987"]
[EventDate "29.12.2022"]

1. e4 e5 2. f4 exf4 3. Nf3 d5 4. exd5 Nf6 5. Bb5+ c6 6. dxc6 bxc6 7. Bc4 Bd6 8.
d4 O-O 9. O-O c5 10. Ne5 cxd4 11. Bxf4 Qc7 12. Qf3 Bxe5 13. Bxe5 Qxe5 14. Qxa8
Ng4 15. g3 Ne3 16. Nd2 Bd7 17. Rae1 Bc6 18. Qxa7 Nd7 19. Rf4 g5 20. Rxd4 Nc5 21.
Rd5 Bxd5 22. Qxc5 1-0

[Event "Mondiale Lampo FIDE 2022"]
[Site "Alma Ata"]
[Date "30.12.2022"]
[Round "21.52"]
[White "Asadli, Vugar"]
[Black "Svane, Frederik"]
[Result "0-1"]
[WhiteTitle ""]
[BlackTitle ""]
[WhiteElo "2567"]
[BlackElo "2568"]
[WhiteFideId "13405764"]
[BlackFideId "12923044"]
[EventDate "29.12.2022"]

1. e4 c5 2. Nf3 e6 3. g3 Nc6 4. Bg2 Nf6 5. Qe2 e5 6. O-O Be7 7. c3 O-O 8. Rd1
Re8 9. d4 cxd4 10. cxd4 exd4 11. Nxd4 Nxd4 12. Rxd4 Bc5 13. Rd1 d5 14. Be3 Bg4
15. f3 Rxe4 0-1

[Event "Mondiale Lampo FIDE 2022"]
[Site "Alma Ata"]
[Date "30.12.2022"]
[Round "21.53"]
[White "Ghasi, Ameet K"]
[Black "Narayanan, S.L."]
[Result "0-1"]
[WhiteTitle ""]
[BlackTitle ""]
[WhiteElo "2471"]
[BlackElo "2669"]
[WhiteFideId "409200"]
[BlackFideId "5058422"]
[EventDate "29.12.2022"]

1. Nf3 Nf6 2. g3 c5 3. Bg2 Nc6 4. O-O e5 5. d3 d5 6. Nbd2 Be7 7. e4 d4 8. Nc4
Nd7 9. a4 O-O 10. Nfd2 b6 11. f4 a6 12. Nf3 exf4 13. Bxf4 Re8 14. c3 Ra7 15. h4
h6 16. Qb3 Rb7 17. Rac1 b5 18. axb5 axb5 19. Nd6 Bxd6 20. Bxd6 dxc3 21. Qxc3 b4
22. Qb3 Qb6 23. Qc2 c4+ 24. Kh2 Na5 25. e5 cxd3 26. Qxd3 Nf8 27. Nd4 Rd7 28. Nf5
Ba6 29. Qf3 Bxf1 30. Bxf1 Ne6 31. Qg4 Qf2+ 32. Bg2 Kh8 33. Rf1 Qxb2 34. Kh3 Qc2
35. Be4 Qc4 36. Ra1 Nb7 37. Ne3 Qd4 38. Re1 Nxd6 39. exd6 Qxd6 40. Nf5 Qc5 41.
Bf3 b3 42. Rb1 Qb5 43. Qe4 b2 44. Qc2 Rb8 45. Qc3 Qb4 46. Qe5 Qb5 47. Qe4 Rc7
48. Bg4 Qc4 49. Qe5 Qc2 50. Nxh6 Qxb1 51. Nxf7+ Rxf7 52. Bxe6 Qf1+ 53. Kg4 b1=Q
54. Qh5+ Qh7 0-1

[Event "Mondiale Lampo FIDE 2022"]
[Site "Alma Ata"]
[Date "30.12.2022"]
[Round "21.54"]
[White "Kovalev, Vladislav"]
[Black "Donchenko, Alexander"]
[Result "1/2-1/2"]
[WhiteTitle ""]
[BlackTitle ""]
[WhiteElo "2623"]
[BlackElo "2636"]
[WhiteFideId "13504398"]
[BlackFideId "24603295"]
[EventDate "29.12.2022"]

1. e4 c6 2. d4 d5 3. exd5 cxd5 4. Bd3 Nf6 5. h3 Nc6 6. c3 e5 7. dxe5 Nxe5 8. Nf3
Nxd3+ 9. Qxd3 Bd6 10. O-O O-O 11. Bg5 h6 12. Be3 Bd7 13. Nbd2 a6 14. Rfe1 Rc8
15. Bd4 Bb5 16. Qc2 Bb8 17. Be5 Bxe5 18. Nxe5 d4 19. c4 Re8 20. Qd3 Bc6 21. Nxc6
Rxe1+ 22. Rxe1 bxc6 23. c5 Qa5 24. a3 Qxc5 25. Qxa6 Rd8 26. Qc4 Qxc4 27. Nxc4 c5
28. f3 Kf8 29. Kf2 Nd5 30. g3 f6 31. Re6 Rb8 32. Rc6 Ne3 33. Rxc5 Nxc4 34. Rxc4
Rxb2+ 35. Kf1 Rb3 36. Kf2 Rb2+ 37. Kf1 d3 38. Rd4 Rb3 39. Kf2 Rxa3 40. Ke3 d2+
41. Ke2 Ra1 42. Rxd2 Rh1 43. h4 Ke7 44. Ke3 Rh3 45. Kf2 Rh2+ 46. Ke3 Rxd2 47.
Kxd2 Kd6 48. Ke3 Ke5 49. Kd3 h5 50. Ke3 f5 51. Kd3 f4 52. g4 hxg4 53. fxg4 Kd5
54. h5 Ke5 55. g5 Kf5 56. h6 gxh6 57. gxh6 Kg6 58. Ke4 Kxh6 59. Kxf4 1/2-1/2

[Event "Mondiale Lampo FIDE 2022"]
[Site "Alma Ata"]
[Date "30.12.2022"]
[Round "21.55"]
[White "Dragnev, Valentin"]
[Black "Durarbayli, Vasif"]
[Result "1-0"]
[WhiteTitle ""]
[BlackTitle ""]
[WhiteElo "2556"]
[BlackElo "2612"]
[WhiteFideId "1634852"]
[BlackFideId "13402935"]
[EventDate "29.12.2022"]

1. e4 e5 2. Nf3 Nc6 3. Bb5 a6 4. Ba4 Nge7 5. c3 g6 6. d4 exd4 7. cxd4 b5 8. Bc2
d5 9. exd5 Nxd5 10. O-O Be6 11. Nc3 Bg7 12. Bg5 Nxc3 13. bxc3 Qd7 14. Bb3 Bxb3
15. axb3 O-O 16. b4 Qd5 17. Bf4 Rfc8 18. Re1 a5 19. bxa5 Rxa5 20. Rxa5 Nxa5 21.
h4 Nc4 22. Qe2 h6 23. Qe7 Qc6 24. Qe2 Nb6 25. Bd2 Nd5 26. Rb1 Qc4 27. Kf1 c5 28.
Rxb5 Qa2 29. Rxc5 Rxc5 30. dxc5 Qb1+ 31. Ne1 Nxc3 32. Qe8+ Kh7 33. Bxc3 Bxc3 34.
Qxf7+ Bg7 35. Qc4 Qa1 36. c6 Bc3 37. Qf7+ Kh8 38. Qe8+ Kg7 39. Qe7+ Kg8 40. Qe6+
Kg7 1-0

[Event "Mondiale Lampo FIDE 2022"]
[Site "Alma Ata"]
[Date "30.12.2022"]
[Round "21.56"]
[White "Cheng, Bobby"]
[Black "Hovhannisyan, Robert"]
[Result "1-0"]
[WhiteTitle ""]
[BlackTitle ""]
[WhiteElo "2583"]
[BlackElo "2597"]
[WhiteFideId "4300033"]
[BlackFideId "13302507"]
[EventDate "29.12.2022"]

1. Nf3 d5 2. g3 Bg4 3. Bg2 e6 4. O-O Nf6 5. d3 Be7 6. h3 Bh5 7. Qe1 O-O 8. e4 c5
9. Nh4 dxe4 10. dxe4 Nfd7 11. Nf3 Nc6 12. Bf4 Qb6 13. Qc1 Rfd8 14. Nbd2 Qa6 15.
Re1 c4 16. Bf1 Nb6 17. a4 Na5 18. c3 Bxf3 19. Nxf3 Nb3 20. Qc2 Nxa1 21. Rxa1 Qa5
22. Be3 Bc5 23. Bg5 f6 24. Bf4 e5 25. Bc1 Rd7 26. Nd2 Kh8 27. b4 Bxb4 28. cxb4
Qxb4 29. a5 c3 30. Nf3 Rc8 31. axb6 Qxb6 32. Be3 Qb2 33. Qxb2 cxb2 34. Rb1 b6
35. Rxb2 g6 36. Kg2 Kg7 37. g4 Rc3 38. g5 Rdc7 39. gxf6+ Kxf6 40. Rb5 Rxe3 41.
fxe3 Rc2+ 42. Kg3 Rc1 43. Be2 Rc3 44. Kf2 h5 45. Nxe5 Ra3 46. Nf3 Ra4 47. e5+
Ke7 48. Nd4 g5 49. Bxh5 1-0

[Event "Mondiale Lampo FIDE 2022"]
[Site "Alma Ata"]
[Date "30.12.2022"]
[Round "21.57"]
[White "Kadric, Denis"]
[Black "Maze, Sebastien"]
[Result "0-1"]
[WhiteTitle ""]
[BlackTitle ""]
[WhiteElo "2584"]
[BlackElo "2538"]
[WhiteFideId "14403803"]
[BlackFideId "613762"]
[EventDate "29.12.2022"]

1. e4 c5 2. Nc3 Nc6 3. Nge2 g6 4. d4 cxd4 5. Nxd4 Bg7 6. Be3 Nf6 7. Bc4 Qa5 8.
O-O O-O 9. Bb3 d6 10. h3 Bd7 11. Re1 Rfc8 12. f4 Nh5 13. Nde2 Be8 14. g4 Nf6 15.
Ng3 Nd7 16. g5 Nc5 17. Qd2 b5 18. f5 Be5 19. Kg2 Bxg3 20. Kxg3 b4 21. fxg6 hxg6 0-1

[Event "Mondiale Lampo FIDE 2022"]
[Site "Alma Ata"]
[Date "30.12.2022"]
[Round "21.58"]
[White "Munkhgal, Gombosuren"]
[Black "Makarian, Rudik"]
[Result "1-0"]
[WhiteTitle ""]
[BlackTitle ""]
[WhiteElo "2463"]
[BlackElo "2554"]
[WhiteFideId "4901266"]
[BlackFideId "44105681"]
[EventDate "29.12.2022"]

1. d4 Nf6 2. Bf4 c5 3. dxc5 Qa5+ 4. Nc3 Qxc5 5. e4 Nxe4 6. Nxe4 Qb4+ 7. c3 Qxe4+
8. Be3 Nc6 9. Nf3 g6 10. Bd3 Qg4 11. h3 Qh5 12. Bc4 Qa5 13. Qb3 e6 14. Nd4 Be7
15. O-O Qc7 16. Nb5 Qb8 17. Rad1 a6 18. Nd4 Na5 19. Qa4 Nxc4 20. Qxc4 d5 21. Qe2
Qc7 22. Bh6 Bd7 23. Qf3 e5 24. Rfe1 O-O-O 25. Bg7 Bd6 26. Bxh8 Rxh8 27. Qf6 Re8
28. Nf3 e4 29. Qxf7 Rd8 30. Ng5 Bc5 31. Ne6 Bxe6 32. Qxe6+ Kb8 33. Rxd5 Rf8 34.
Re2 Ka8 35. Qe5 Qf7 36. Rxc5 1-0

[Event "Mondiale Lampo FIDE 2022"]
[Site "Alma Ata"]
[Date "30.12.2022"]
[Round "21.59"]
[White "Yilmaz, Mustafa"]
[Black "Averin, Nikolay"]
[Result "1-0"]
[WhiteTitle ""]
[BlackTitle ""]
[WhiteElo "2617"]
[BlackElo "2342"]
[WhiteFideId "6302718"]
[BlackFideId "24250473"]
[EventDate "29.12.2022"]

1. d4 d5 2. c4 e6 3. Nc3 Nf6 4. cxd5 exd5 5. Bg5 c6 6. e3 Be7 7. Bd3 Nbd7 8. Qc2
Nh5 9. Bxe7 Qxe7 10. O-O-O Nb6 11. Nf3 Be6 12. Kb1 O-O-O 13. Rc1 Kb8 14. Na4
Nxa4 15. Qxa4 Nf6 16. Rc3 Bc8 17. Ra3 a6 18. Rc1 Ne4 19. Bxa6 bxa6 20. Ne5 Rd6
21. Qb4+ Bb7 22. f3 c5 23. dxc5 Qxe5 24. cxd6 Qxd6 25. Qd4 Nf6 26. Rb3 Ka8 27.
Rb6 Qe7 28. Qa4 Nd7 29. Rxa6+ Bxa6 30. Qxa6+ Kb8 31. Qb5+ Ka8 32. Qc6+ Ka7 33.
Qc7+ Ka8 34. Rc6 Nb8 35. Qxe7 Nxc6 36. Qxf7 Rd8 37. Qxg7 d4 38. exd4 Nxd4 39.
Qxh7 Re8 40. a3 Re1+ 41. Ka2 Re2 42. Qh8+ Kb7 43. Qxd4 Rxg2 44. Qe4+ Kc7 45. h4
Rf2 46. Qc4+ Kb7 47. Qb5+ Ka8 48. Qa6+ Kb8 49. Qb6+ Kc8 50. Qxf2 1-0

[Event "Mondiale Lampo FIDE 2022"]
[Site "Alma Ata"]
[Date "30.12.2022"]
[Round "21.60"]
[White "Hambleton, Aman"]
[Black "Damjanovic, Vuk"]
[Result "1-0"]
[WhiteTitle ""]
[BlackTitle ""]
[WhiteElo "2437"]
[BlackElo "2361"]
[WhiteFideId "2606577"]
[BlackFideId "980021"]
[EventDate "29.12.2022"]

1. d4 d5 2. Bf4 c5 3. e3 Nc6 4. c3 cxd4 5. exd4 Bf5 6. Nf3 e6 7. Nbd2 f6 8. Nh4
g5 9. Qh5+ Kd7 10. Nxf5 exf5 11. O-O-O gxf4 12. Qxf5+ Kc7 13. Qxf4+ Qd6 14. Qf3
Nge7 15. Kb1 Ng6 16. g3 Bh6 17. Nb3 Rhe8 18. Qh5 Qf8 19. Bh3 b6 20. Qxd5 Rad8
21. Qf3 Qd6 22. Qh5 Qf8 23. f4 a6 24. Nd2 b5 25. Nb3 Qg7 26. Nc5 Kb6 27. Ne6
Rxe6 28. Bxe6 Qf8 29. Rhe1 a5 30. a4 bxa4 31. Bc4 Na7 32. Re6+ Kb7 33. Qxa5 Rd6
34. Rde1 Qd8 35. Ba6+ Ka8 36. Re8 1-0

[Event "Mondiale Lampo FIDE 2022"]
[Site "Alma Ata"]
[Date "30.12.2022"]
[Round "21.61"]
[White "Kazakov, Konstantin"]
[Black "Petrov, Nikita"]
[Result "1/2-1/2"]
[WhiteTitle ""]
[BlackTitle ""]
[WhiteElo "2385"]
[BlackElo "2537"]
[WhiteFideId "13700898"]
[BlackFideId "4101286"]
[EventDate "29.12.2022"]

1. d4 Nf6 2. Nc3 d5 3. Bf4 Bf5 4. e3 e6 5. f3 Bb4 6. Bd3 O-O 7. Ne2 Nbd7 8. a3
Bxc3+ 9. bxc3 c5 10. O-O Bg6 11. Qb1 b6 12. a4 a5 13. Ng3 Re8 14. Bb5 Qe7 15.
Qb2 Rec8 16. Rac1 h6 17. Rfe1 e5 18. dxe5 Nxe5 19. c4 Nxc4 20. Bxc4 dxc4 21. e4
Qe6 22. Rb1 Qc6 23. Qxb6 Qxa4 24. c3 Qc6 25. Qb2 a4 26. Qa3 Nd7 27. Nf1 f5 28.
Rbd1 Nf8 29. Rd6 Qe8 30. Nd2 fxe4 31. Nxe4 Qf7 32. Bg3 Re8 33. Nxc5 Rxe1+ 34.
Bxe1 Qe7 35. Rd1 Ne6 36. Bf2 Rc8 37. Re1 Rxc5 38. Rxe6 Qxe6 39. Qxc5 Bd3 40. h4
Kh7 1/2-1/2

[Event "Mondiale Lampo FIDE 2022"]
[Site "Alma Ata"]
[Date "30.12.2022"]
[Round "21.62"]
[White "Begmuratov, Khumoyun"]
[Black "Christiansen, Johan-Sebastian"]
[Result "0-1"]
[WhiteTitle ""]
[BlackTitle ""]
[WhiteElo "2399"]
[BlackElo "2578"]
[WhiteFideId "14210207"]
[BlackFideId "1512668"]
[EventDate "29.12.2022"]

1. e4 e5 2. Nf3 Nc6 3. Nc3 Nf6 4. d4 Bb4 5. Nxe5 Nxe4 6. Qg4 Nxc3 7. Qxg7 Rf8 8.
a3 Nxd4 9. axb4 Nxc2+ 10. Kd2 Nxa1 11. Kxc3 a5 12. Bg5 axb4+ 13. Kd3 f6 14. Be2
Qe7 15. Bh5+ Kd8 16. Nf7+ Rxf7 17. Bxf7 Qd6+ 18. Kc4 b5+ 19. Kxb5 0-1

[Event "Mondiale Lampo FIDE 2022"]
[Site "Alma Ata"]
[Date "30.12.2022"]
[Round "21.63"]
[White "Bilguun, Sumiya"]
[Black "Nesterov, Arseniy"]
[Result "0-1"]
[WhiteTitle ""]
[BlackTitle ""]
[WhiteElo "2474"]
[BlackElo "2573"]
[WhiteFideId "4901541"]
[BlackFideId "24198455"]
[EventDate "29.12.2022"]

1. e4 e5 2. Nf3 Nc6 3. Bc4 Nf6 4. d3 Bc5 5. O-O d6 6. a4 a5 7. c3 O-O 8. Bg5 h6
9. Bh4 g5 10. Bg3 Be6 11. Nbd2 Qd7 12. Bb5 Qe7 13. Bxc6 bxc6 14. d4 exd4 15.
Nxd4 Bd7 16. Re1 Rab8 17. b3 Rfe8 18. e5 Nd5 19. Qh5 Nxc3 20. N2f3 Qf8 21. Rac1
Nd5 22. h3 Rb4 23. e6 fxe6 24. Nxe6 Rxe6 25. Rxe6 Bxe6 26. Qg6+ Qg7 27. Qxe6+
Kh7 28. Qf5+ Qg6 29. Qd7+ Qg7 30. Qf5+ Qg6 31. Qd7+ Qg7 32. Qf5+ Qg6 33. Qd7+
Kg8 34. Re1 Re4 35. Rxe4 Qxe4 36. Qxc6 Bb6 37. Qd7 Nf6 38. Qd8+ Kg7 39. Qc8 Qd5
40. h4 Ne4 41. hxg5 hxg5 42. Qg4 Kf6 43. Qh5 Nxg3 44. Qh6+ Ke7 45. Qg7+ Kd8 46.
Nxg5 Bxf2+ 47. Kxf2 Nf5 48. Qf8+ Kd7 49. Nf3 Kc6 50. Qxf5 Qxf5 51. Ke3 Qe6+ 52.
Kd2 Kb6 53. Nd4 Qh6+ 54. Kc3 Qg7 55. Kc4 Qxg2 56. Nb5 Qe2+ 57. Kc3 Qe3+ 58. Kc2
d5 59. Nc3 c6 60. Nd1 Qe2+ 61. Kc1 Kc5 62. Nb2 Kb4 63. Nd3+ Qxd3 0-1

[Event "Mondiale Lampo FIDE 2022"]
[Site "Alma Ata"]
[Date "30.12.2022"]
[Round "21.64"]
[White "Narayanan, Srinath"]
[Black "Sankalp, Gupta"]
[Result "1-0"]
[WhiteTitle ""]
[BlackTitle ""]
[WhiteElo "2559"]
[BlackElo "2485"]
[WhiteFideId "5018420"]
[BlackFideId "5097010"]
[EventDate "29.12.2022"]

1. d4 Nf6 2. Nf3 d5 3. Bf4 c5 4. e3 e6 5. Nbd2 Bd6 6. Ne5 O-O 7. Bd3 Qc7 8. Ndf3
Nbd7 9. O-O c4 10. Be2 Ne4 11. c3 Nb6 12. Bg3 f6 13. Ng4 h5 14. Bxd6 Nxd6 15.
Nge5 fxe5 16. Nxe5 h4 17. Bh5 Qd8 18. Qg4 Rf5 19. Bg6 Qf6 20. Bxf5 exf5 21. Qh5
Bd7 22. Nf3 Ne4 23. Qxh4 g5 24. Nxg5 Qxg5 25. Qxg5+ Nxg5 26. f3 Be8 27. Kf2 Bg6
28. h4 Ne6 29. Rh1 f4 30. h5 fxe3+ 31. Kxe3 Bh7 32. Rae1 Rf8 33. g3 Ng5 34. f4
Ne4 35. g4 Na4 36. Rh2 Re8 37. Kf3 Nd2+ 38. Rxd2 Rxe1 39. f5 Nb6 40. Kf4 Nd7 41.
Kg5 Kg7 42. b3 Nf6 43. h6+ Kf7 44. Rg2 cxb3 45. axb3 a5 46. c4 dxc4 47. bxc4 Re4
48. d5 Rxc4 49. d6 Ne4+ 50. Kf4 Nxd6+ 51. Ke5 Ke7 52. g5 Re4+ 53. Kd5 Bxf5 54.
g6 Be6+ 55. Kc5 Rh4 56. h7 Ne8 57. Rf2 Nf6 58. Rb2 Rc4+ 59. Kb5 Rc8 60. Re2 Ra8
61. Kb6 Rh8 62. Kxa5 Rd8 63. Kb6 Re8 64. Kxb7 Nd5 65. g7 Kf7 66. h8=Q 1-0

[Event "Mondiale Lampo FIDE 2022"]
[Site "Alma Ata"]
[Date "30.12.2022"]
[Round "21.65"]
[White "Harutyunyan, Tigran K."]
[Black "Brunello, Sabino"]
[Result "1-0"]
[WhiteTitle ""]
[BlackTitle ""]
[WhiteElo "2511"]
[BlackElo "2519"]
[WhiteFideId "13303635"]
[BlackFideId "813613"]
[EventDate "29.12.2022"]

1. Nf3 d5 2. g3 c5 3. Bg2 Nc6 4. d4 Bg4 5. O-O Bxf3 6. Bxf3 cxd4 7. c3 e5 8.
cxd4 e4 9. Bg2 h5 10. f3 h4 11. fxe4 hxg3 12. hxg3 dxe4 13. Bxe4 Qxd4+ 14. Qxd4
Nxd4 15. Nc3 Bc5 16. Kg2 O-O-O 17. Bf4 Nf6 18. Rac1 1-0

[Event "Mondiale Lampo FIDE 2022"]
[Site "Alma Ata"]
[Date "30.12.2022"]
[Round "21.66"]
[White "Tologon tegin, Semetei"]
[Black "Jumabayev, Rinat"]
[Result "0-1"]
[WhiteTitle ""]
[BlackTitle ""]
[WhiteElo "2394"]
[BlackElo "2609"]
[WhiteFideId "13800574"]
[BlackFideId "13702661"]
[EventDate "29.12.2022"]

1. Nf3 d5 2. g3 Bf5 3. Bg2 c6 4. O-O Nf6 5. b3 h6 6. Bb2 Nbd7 7. d3 e6 8. Nbd2
Bh7 9. c4 Be7 10. Rc1 a5 11. a3 O-O 12. Qc2 Bd6 13. Qb1 Qe7 14. Qa1 e5 15. cxd5
cxd5 16. Ne1 Rfc8 17. Nc2 Qe6 18. Ne3 d4 19. Nec4 Nd5 20. Nxd6 Qxd6 21. Nc4 Qe6
22. a4 Rc6 23. Ba3 Bf5 24. Rfe1 Bh3 25. Bh1 Nc3 26. Bb2 Nd5 27. Ba3 Nc3 28. Bb2
Nc5 29. Qa3 e4 30. dxe4 N5xe4 31. Bf3 Ng5 32. Bxc3 Nxf3+ 33. exf3 Qd5 34. Qe7
Qxf3 35. Qe4 Qxe4 36. Rxe4 dxc3 37. Rxc3 Rd8 38. Re1 Rd5 39. f3 h5 40. Kf2 b6
41. Rce3 Be6 42. R1e2 Rd4 43. Ne5 Rcd6 44. f4 Rb4 45. Rb2 f6 46. Nd3 Rxb3 47.
Rxb3 Bxb3 48. Ne1 Bxa4 49. Nf3 Bc6 50. Nh4 Bd7 51. Ng6 a4 52. Rc3 Kf7 53. Nh8+
Ke6 54. Ng6 b5 55. Re3+ Kd5 56. Ne7+ Kc5 57. Ng6 b4 58. Nf8 Bf5 59. Re7 a3 60.
Rc7+ Kb6 61. Rc1 b3 0-1

[Event "Mondiale Lampo FIDE 2022"]
[Site "Alma Ata"]
[Date "30.12.2022"]
[Round "21.67"]
[White "Saraci, Nderim"]
[Black "Munkhdalai, Amilal"]
[Result "1/2-1/2"]
[WhiteTitle ""]
[BlackTitle ""]
[WhiteElo "2468"]
[BlackElo "2142"]
[WhiteFideId "6351921"]
[BlackFideId "4903250"]
[EventDate "29.12.2022"]

1. b3 e5 2. Bb2 Nc6 3. e3 d6 4. c4 g6 5. Nf3 Bg7 6. d4 exd4 7. Nxd4 Nxd4 8. Bxd4
Bxd4 9. Qxd4 Qf6 10. Nc3 Qxd4 11. exd4 Bd7 12. Kd2 Nf6 13. Bd3 O-O 14. h4 c5 15.
Ne4 Nxe4+ 16. Bxe4 Rab8 17. dxc5 dxc5 18. Kc3 Rfe8 19. Rhe1 b6 20. Rad1 Be6 21.
Bc6 Red8 22. a3 Kf8 23. b4 cxb4+ 24. axb4 Rxd1 25. Rxd1 Rc8 26. b5 a5 27. c5
bxc5 28. Ra1 Ke7 29. Rxa5 Kd6 30. Ra6 Ke5 31. g3 Rb8 32. b6 Kd6 33. Bg2 Bg4 34.
b7+ Kc7 35. Bd5 Be6 36. Bf3 c4 37. Rc6+ Kd7 38. Rc5 Kd6 39. Ra5 Kc7 40. Ra6 Rd8
41. Be4 Rb8 42. Kd4 Kd7 43. f3 f5 44. Bc6+ Kc7 45. f4 Bf7 46. Bf3 Rd8+ 47. Ke5
Be8 48. Ra8 Rb8 49. Kd4 Bf7 50. Kc3 Bg8 51. Ra6 Rd8 52. Kb4 Rd3 53. Bh1 Rb3+ 54.
Kc5 c3 55. Kd4 c2 56. Rc6+ Kxb7 57. Rxc2+ Kb8 58. Re2 Rb1 59. Re8+ Kc7 60. Rxg8
Rxh1 61. Rg7+ Kd6 62. Rxh7 Rg1 63. Rg7 Rxg3 64. h5 Ke6 65. h6 Kf6 66. Rb7 Rh3
67. h7 Rh4 68. Kd5 g5 69. Rb6+ Kg7 70. fxg5 Kxh7 71. Ke5 f4 72. Kf5 f3 73. Rb7+
Kg8 74. Kg6 Rf4 75. Rb8+ Rf8 76. Rb1 f2 77. Rf1 Rf4 78. Kh5 Kg7 79. g6 Kf6 80.
g7 Kxg7 81. Kg5 Rf8 82. Kg4 Kg6 83. Kg3 Kg5 84. Rxf2 Rxf2 85. Kxf2 1/2-1/2

[Event "Mondiale Lampo FIDE 2022"]
[Site "Alma Ata"]
[Date "30.12.2022"]
[Round "21.68"]
[White "Harsha, Bharathakoti"]
[Black "Aleksandrov, Aleksej"]
[Result "0-1"]
[WhiteTitle ""]
[BlackTitle ""]
[WhiteElo "2593"]
[BlackElo "2495"]
[WhiteFideId "5078776"]
[BlackFideId "13500139"]
[EventDate "29.12.2022"]

1. f4 d5 2. Nf3 g6 3. g3 Bg7 4. Bg2 Nf6 5. O-O O-O 6. d3 c5 7. Qe1 d4 8. c4 Nc6
9. Na3 Re8 10. Nc2 a5 11. h3 Nb4 12. Na3 Nd7 13. Qf2 Rb8 14. Nb5 b6 15. a3 Nc6
16. Ng5 Bb7 17. f5 Nf6 18. Bf4 Rc8 19. g4 h6 20. Ne4 Nxe4 21. Bxe4 g5 22. Bg3
Qd7 23. Qg2 Nd8 24. b4 Bxe4 25. Qxe4 Nb7 26. bxc5 Nxc5 27. Qd5 Qxd5 28. cxd5
Red8 29. d6 exd6 30. Nxd6 Rc6 31. Nb5 Na4 32. Kf2 Nc3 33. a4 Nxb5 34. axb5 Rc5
35. Rab1 Rdd5 36. Rfc1 Be5 37. Bxe5 Rxe5 38. Rxc5 Rxc5 39. Kf3 Re5 40. Rb2 Kg7
41. Rc2 Rxb5 42. Ke4 Rb4 43. Ke5 a4 44. Rc8 Rb2 45. f6+ Kh7 46. Kxd4 Rxe2 0-1